[Event "Tradewise Gibraltar 2012 - Challenger B"]
[Site "Gibraltar ENG"]
[Date "2012.02.02"]
[Round "5.29"]
[White "Serarols Mabras, Bernat"]
[Black "Campos Calvo-Sotelo, Juan"]
[Result "0-1"]
[WhiteElo "1914"]
[BlackElo "2028"]
[PlyCount "125"]
[EventDate "2012.01.28"]
[EventType "swiss"]
[EventRounds "5"]
[EventCountry "ENG"]
[Source "lmi"]
[SourceDate "2012.01.28"]

1. d4 b5 2. Nf3 e6 3. g3 Bb7 4. Bg2 c5 5. c3 Nf6 6. O-O Qb6 7. Be3 Nc6 8. Nbd2
d5 9. Nb3 c4 10. Nbd2 Ng4 11. Bf4 h6 12. h3 g5 13. hxg4 gxf4 14. gxf4 Be7 15.
Ne5 Nxe5 16. fxe5 Rg8 17. e3 Rg7 18. f4 O-O-O 19. Kh2 Rdg8 20. Bh3 Qc7 21. Qe2
Kb8 22. Rg1 Bc8 23. Nf3 Rh8 24. Rg3 Qd8 25. Rag1 Rgh7 26. Qf1 a6 27. a3 Bd7 28.
Qg2 h5 29. g5 Be8 30. Nh4 Rg8 31. Qc2 Rhg7 32. Bf1 a5 33. Be2 Kc7 34. Qd1 a4
35. R1g2 Rh8 36. Kg1 Bd7 37. Kf2 Qf8 38. Qc1 Kb6 39. Rh2 Qg8 40. Qc2 Qf8 41.
Rgh3 Bxa3 42. bxa3 Qxa3 43. Rh1 Qb3 44. Rc1 Rgg8 45. Nf3 Ra8 46. Nd2 Qxc2 47.
Rxc2 b4 48. cxb4 Kb5 49. Rh1 h4 50. Rb1 h3 51. Bf3 a3 52. Ra2 h2 53. Kg2 h1=Q+
54. Rxh1 Rxh1 55. Kxh1 Kxb4 56. Bd1 Ba4 57. Bxa4 Kxa4 58. f5 c3 59. g6 cxd2 60.
Rxd2 Kb3 61. g7 a2 62. Rd3+ Kc2 63. Ra3 0-1

[Event "Tradewise Gibraltar 2012 - Challenger B"]
[Site "Gibraltar ENG"]
[Date "2012.02.02"]
[Round "5.30"]
[White "Rios Gonzalez, Jose Antonio"]
[Black "Livesey, R Nigel"]
[Result "1-0"]
[WhiteElo "2024"]
[BlackElo "1907"]
[PlyCount "81"]
[EventDate "2012.01.28"]
[EventType "swiss"]
[EventRounds "5"]
[EventCountry "ENG"]
[Source "lmi"]
[SourceDate "2012.01.28"]

1. e4 d6 2. c4 g6 3. d4 Bg7 4. Nc3 c6 5. Be3 a6 6. a4 a5 7. Nf3 Nf6 8. h3 O-O
9. Be2 Qc7 10. Qd2 Na6 11. g4 e5 12. d5 Rd8 13. Bd3 Nb4 14. Bb1 Bd7 15. Ng1
cxd5 16. cxd5 Qc4 17. Nge2 Rdc8 18. f3 Ne8 19. h4 f6 20. Ng3 Kf7 21. g5 b5 22.
h5 bxa4 23. hxg6+ hxg6 24. Rh7 Bb5 25. Nxb5 Qxb5 26. Ne2 Rc4 27. Nc3 Qd7 28.
Qh2 Qc8 29. Ra3 Qd7 30. f4 Qg4 31. Rh4 Qd7 32. f5 Rac8 33. Rh7 Qb7 34. fxg6+
Kg8 35. Qh3 Qe7 36. Rxa4 Rxc3 37. bxc3 Rxc3 38. Rxa5 fxg5 39. Ra8 Nd3+ 40. Bxd3
Rxd3 41. Rxg7+ 1-0

[Event "Tradewise Gibraltar 2012 - Challenger B"]
[Site "Gibraltar ENG"]
[Date "2012.02.02"]
[Round "5.32"]
[White "Bucknell, Malcolm Gordon"]
[Black "Andersen, Daniel"]
[Result "1-0"]
[WhiteElo "1937"]
[BlackElo "1884"]
[PlyCount "113"]
[EventDate "2012.01.28"]
[EventType "swiss"]
[EventRounds "5"]
[EventCountry "ENG"]
[Source "lmi"]
[SourceDate "2012.01.28"]

1. d4 e6 2. Nf3 f5 3. c4 Nf6 4. g3 d5 5. Bg2 c6 6. O-O Bd6 7. c5 Bc7 8. b4 Nbd7
9. Bb2 Qe7 10. Nbd2 e5 11. dxe5 Nxe5 12. Nxe5 Bxe5 13. Bxe5 Qxe5 14. Nf3 Qc7
15. Qd4 O-O 16. e3 Qf7 17. a4 Qh5 18. Qh4 Qxh4 19. Nxh4 a5 20. b5 cxb5 21. axb5
Bd7 22. c6 bxc6 23. bxc6 Bxc6 24. Nxf5 Ra7 25. Rfc1 Bd7 26. Ne7+ Kf7 27. Nxd5
Be6 28. Rc7+ Rxc7 29. Nxc7 Bd7 30. Rxa5 Rc8 31. Ra7 Ne8 32. Nxe8 Rc1+ 33. Bf1
Kxe8 34. Kg2 Bc6+ 35. f3 Rc2+ 36. Kh3 Bxf3 37. Rxg7 Be4 38. Ra7 Rc3 39. Kg4
Rxe3 40. Bb5+ Kf8 41. Kf4 Rb3 42. Kxe4 Rxb5 43. Rxh7 Kg8 44. Ra7 Rc5 45. h4 Rb5
46. g4 Rb4+ 47. Kf5 Rb5+ 48. Kg6 Rb6+ 49. Kh5 Rb5+ 50. g5 Rb6 51. g6 Rb5+ 52.
Kh6 Rb8 53. h5 Rc8 54. Ra5 Rb8 55. Kg5 Rb1 56. Ra8+ Kg7 57. h6# 1-0

[Event "Tradewise Gibraltar 2012 - Challenger B"]
[Site "Gibraltar ENG"]
[Date "2012.02.02"]
[Round "5.33"]
[White "Hadrych, Craig"]
[Black "Gravett, Alan David"]
[Result "1/2-1/2"]
[WhiteElo "1821"]
[BlackElo "1931"]
[PlyCount "67"]
[EventDate "2012.01.28"]
[EventType "swiss"]
[EventRounds "5"]
[EventCountry "ENG"]
[Source "lmi"]
[SourceDate "2012.01.28"]

1. c4 c5 2. Nf3 Nc6 3. d4 cxd4 4. Nxd4 Nf6 5. Nc3 g6 6. e4 d6 7. Be2 Bg7 8. Be3
O-O 9. Qd2 a6 10. O-O Nxd4 11. Bxd4 Be6 12. f3 Rc8 13. b3 Nd7 14. Bxg7 Kxg7 15.
Rad1 f6 16. f4 Qa5 17. Rf3 Bf7 18. Rh3 Rh8 19. Bg4 f5 20. exf5 gxf5 21. Bf3 Nf6
22. Be2 Qc5+ 23. Kh1 b5 24. cxb5 axb5 25. Bxb5 Ng4 26. Rg3 h5 27. h3 h4 28. Rf3
Nf6 29. Re3 Qb4 30. Qd4 Qxd4 31. Rxd4 Rc7 32. Ne2 Rhc8 33. Bc4 Bxc4 34. Rxc4
1/2-1/2

[Event "Tradewise Gibraltar 2012 - Challenger B"]
[Site "Gibraltar ENG"]
[Date "2012.02.02"]
[Round "5.34"]
[White "Gautier, Joel"]
[Black "Morenilla Rocher, Fernando"]
[Result "1-0"]
[WhiteElo "1930"]
[BlackElo "1853"]
[PlyCount "31"]
[EventDate "2012.01.28"]
[EventType "swiss"]
[EventRounds "5"]
[EventCountry "ENG"]
[Source "lmi"]
[SourceDate "2012.01.28"]

1. e4 e5 2. Bc4 Nc6 3. Nf3 Nd4 4. c3 Nxf3+ 5. gxf3 Bc5 6. d4 exd4 7. cxd4 Bb6
8. Rg1 g6 9. Nc3 d6 10. Qb3 Qd7 11. Be3 c6 12. O-O-O Nf6 13. Bh6 Nh5 14. e5 d5
15. Nxd5 cxd5 16. Bb5 1-0

[Event "Tradewise Gibraltar 2012 - Challenger B"]
[Site "Gibraltar ENG"]
[Date "2012.02.02"]
[Round "5.35"]
[White "Dennis, Nigel W"]
[Black "Bishop, Geoffrey L"]
[Result "1-0"]
[WhiteElo "1923"]
[BlackElo "1811"]
[PlyCount "73"]
[EventDate "2012.01.28"]
[EventType "swiss"]
[EventRounds "5"]
[EventCountry "ENG"]
[Source "lmi"]
[SourceDate "2012.01.28"]

1. e4 e6 2. d4 d5 3. Nc3 Nf6 4. Bg5 Be7 5. e5 Nfd7 6. Bxe7 Qxe7 7. f4 a6 8. Nf3
c5 9. Be2 Nc6 10. O-O cxd4 11. Nb1 O-O 12. Nxd4 Qc5 13. c3 f6 14. Kh1 Nxd4 15.
Qxd4 fxe5 16. fxe5 Rxf1+ 17. Bxf1 Qc7 18. c4 Nxe5 19. cxd5 Bd7 20. Nc3 Rd8 21.
Re1 Rf8 22. Ne4 Ng4 23. Ng3 Qa5 24. b4 e5 25. Rxe5 Qxa2 26. Re7 Nf6 27. h3 Qb1
28. Kh2 Qg6 29. Bd3 Qh6 30. Bf5 Bxf5 31. Nxf5 Qh5 32. g4 Nxg4+ 33. Qxg4 Qxg4
34. hxg4 g6 35. Nh6+ Kh8 36. d6 Rf4 37. d7 1-0

[Event "Tradewise Gibraltar 2012 - Challenger B"]
[Site "Gibraltar ENG"]
[Date "2012.02.02"]
[Round "5.36"]
[White "Rough, Robert E"]
[Black "Hansen, Henrik Damgaard"]
[Result "1/2-1/2"]
[WhiteElo "1762"]
[BlackElo "1859"]
[PlyCount "49"]
[EventDate "2012.01.28"]
[EventType "swiss"]
[EventRounds "5"]
[EventCountry "ENG"]
[Source "lmi"]
[SourceDate "2012.01.28"]

1. c4 Nf6 2. g3 c5 3. Bg2 g6 4. Nc3 Bg7 5. e4 O-O 6. Nge2 Nc6 7. d3 a6 8. O-O
d6 9. Be3 Ng4 10. Bc1 Nge5 11. f4 Nd7 12. a3 Rb8 13. Be3 Nd4 14. Bf2 e6 15.
Nxd4 cxd4 16. Ne2 e5 17. b4 f6 18. Qb3 Kh8 19. Rac1 b6 20. Be1 Rg8 21. Bd2 Bf8
22. a4 Be7 23. Rc2 Nf8 24. f5 g5 25. g4 1/2-1/2

[Event "Tradewise Gibraltar 2012 - Challenger B"]
[Site "Gibraltar ENG"]
[Date "2012.02.02"]
[Round "5.37"]
[White "Baeza Escudero, Javier"]
[Black "Haddock, Paul"]
[Result "1-0"]
[WhiteElo "2054"]
[BlackElo "1688"]
[PlyCount "46"]
[EventDate "2012.01.28"]
[EventType "swiss"]
[EventRounds "5"]
[EventCountry "ENG"]
[Source "lmi"]
[SourceDate "2012.01.28"]

1. e4 c5 2. Nf3 d6 3. d4 cxd4 4. Nxd4 Nf6 5. Nc3 a6 6. Be3 e5 7. Nb3 b5 8. a4
b4 9. Nd5 Nbd7 10. Nxb4 a5 11. Nc6 Qc7 12. Bb5 Nxe4 13. O-O Bb7 14. Ncxa5 Be7
15. Nxb7 Qxb7 16. Qg4 Nef6 17. Qg3 Kf8 18. f3 h5 19. h4 Nd5 20. Bd2 Qb6+ 21.
Qf2 Qxf2+ 22. Rxf2 Ra7 23. g3 Nc7 1-0